Statystyki dla Quiz o Europie Wschodniej z Mapą

Kliknij tutaj aby rozwiązać quiz!

Ogólne statystyki

  • Ten quiz został rozwiązany 3 206 razy
  • Średni wynik to 17 z 21

Odpowiedzi na mapie

Odpowiedzi skodowane kolorowo w zielono-czerwonej skali na mapie do tego quizu, zgodnie z poniższymi procentami.
 

Statystyki odpowiedzi

Odpowiedź% Poprawnych
Polska
97%
Rosja
96%
Litwa
95%
Bialoruś
94%
Ukraina
94%
Łotwa
93%
Estonia
92%
Czechy
91%
Słowacja
88%
Rumunia
86%
Chorwacja
83%
Węgry
82%
Mołdawia
78%
Kosowo
76%
Słowenia
76%
Bułgaria
75%
Serbia
73%
Albania
72%
Bośnia i Hercegowina
71%
Macedonia Północna
67%
Czarnogóra
60%

Rozkład punktacji

Percentyl według liczby udzielonych odpowiedzi

Procent ludzi z każdym wynikiem

Twoja historia wyników

Nie rozwiązałeś tego quizu